000 00510nam a2200145 4500
999 _c10313
_d10313
008 180822b ||||| |||| 00| 0 eng d
022 _a2094-8042
082 _aDPer 370.105 M72 Jan-Dec 2011 v59-60
100 _930407
_aBagayas, Dalisay A.
245 _aMag-segregate:
_bbawasan ang itinatapon!/
_cDalisay A. Bagayas.
260 _aPhilippines:
_bIn the Grade School, Inc.,
_cc2011.
300 _av60 n1, page 41:
_billustrations;
_c27cm.
650 0 _930408
_aRefuse and refuse disposal.
942 _2ddc
_cPER